| 000 | 00856nam a2200277Ia 4500 | ||
|---|---|---|---|
| 003 | OSt | ||
| 005 | 20221002043822.0 | ||
| 006 | a|||||r|||| 00| 0 | ||
| 007 | ta | ||
| 008 | 220930b |||||||| |||| 00| 0 eng d | ||
| 020 |
_a8170304180 _c400 |
||
| 024 | _a81848 | ||
| 037 |
_b581, 30/03/2005, Eastern Book Linkers _cReference Collections |
||
| 040 |
_aCRL _cCRL _beng |
||
| 041 |
_2eng _aeng |
||
| 082 | _aQ4vk, N5(RR) | ||
| 100 | _aPrebish Charles S. | ||
| 245 | 0 | _aHistorical dictionary of Buddhism | |
| 260 |
_aDelhi _bSri Satguru Publications India _c1995 |
||
| 300 |
_a387p. _ccm. |
||
| 500 | _aBibliotheea Indo-Buddhica Series No. 139. | ||
| 650 | _a RELIGION | ||
| 650 | _aBUDDHISM | ||
| 942 |
_hQ4vk, N5(RR) _cref _2CC |
||
| 999 |
_c909002 _d909002 |
||